| 000 | 00836nam a2200229Ia 4500 | ||
|---|---|---|---|
| 999 |
_c36959 _d36959 |
||
| 001 | 2911 | ||
| 003 | GE_BSU | ||
| 005 | 20221102152253.0 | ||
| 008 | 181216s1998ru xx |||||||||||||| ||rus|| | ||
| 020 | _a5282019264 | ||
| 040 | _cGE_BSU | ||
| 041 | _arus | ||
| 080 | _a339.9.01(100) Д-64 | ||
| 100 |
_aДолгов, С. И. _915744 |
||
| 245 |
_aГлобализация экономики: новое слово или новое явление / _cС. И. Долгов, Ред.М.Ю. Чинякова |
||
| 264 |
_aМосква : _bЭкономика, _c1998. |
||
| 300 | _a215 ст. | ||
| 653 | _aГлобализация эконмики: | ||
| 653 | _aეკონომიკური გლობალიზაცია | ||
| 700 |
_aЧинякова, М.Ю. _eრედაქტორი _915745 |
||
| 942 |
_cBK _2udc |
||